000 00659nam a2200205Ia 4500
003 IN-BaIIA
008 211028s9999 xx 000 0 eng d
020 _a978-3-527-40947-1
040 _cIIA Library
080 _a539.17
_bHAU
100 _aHau-Reige, Stefan P
_934950
245 0 _aHigh-intensity X-rays-interaction with matter
_bprocesses in plasmas, clusters, molecules, and solids
_cStefan P. Hau-Reige
260 _aWeinheim
_bWiley-VCH Verlag Gmbh
_c2011
300 _axv, 269p.
650 _aAtomic physics
_91547
650 _aElctromagnetic wave
_934951
650 _aElectron dynamics
_934952
650 _aX-ray radiation
_934953
942 _cBK
999 _c18261
_d18261